সবচেয়ে ধনী দেশের গল্প / (Record no. 13235)
[ view plain ]
| 000 -LEADER | |
|---|---|
| fixed length control field | 00959nam a2200229 a 4500 |
| 001 - CONTROL NUMBER | |
| JCCL Control Number | 13235 |
| 003 - CONTROL NUMBER IDENTIFIER | |
| JCCL marc code | BD-JhCC |
| 005 - DATE AND TIME OF LATEST TRANSACTION | |
| control field | 20230731082857.0 |
| 008 - FIXED-LENGTH DATA ELEMENTS--GENERAL INFORMATION | |
| fixed length control field | 230731s2022 bg a|||| |||| 000 0 ben d |
| 035 ## - SYSTEM CONTROL NUMBER | |
| system control number | (BD-JhCC)13235 |
| 040 ## - CATALOGING SOURCE | |
| Original cataloging agency | BD-JhCC |
| Modifying agency | BD-JhCC |
| 041 ## - LANGUAGE CODE | |
| Language code of Book | eng |
| 082 ## - DEWEY DECIMAL CLASSIFICATION NUMBER | |
| Classification number | 891.4435 |
| Author mark and Year | VUY 2022 |
| 100 ## - MAIN ENTRY--PERSONAL NAME | |
| Personal name | ভূঁইয়া, ওয়ালিউল্লাহ |
| 245 ## - TITLE STATEMENT | |
| Title | সবচেয়ে ধনী দেশের গল্প / |
| Statement of responsibility, etc | ওয়ালিউল্লাহ ভূঁইয়া; ইলাস্ট্রেটর জাকিয়া শিমমিন চৌধুরী |
| 260 ## - PUBLICATION, DISTRIBUTION, ETC. (IMPRINT) | |
| Place of publication, distribution, etc | ঢাকা : |
| Name of publisher, distributor, etc | goofi, |
| Date of publication, distribution, etc | ২০২২ |
| 300 ## - PHYSICAL DESCRIPTION | |
| Pagination | ৩৮ পৃ. : |
| Other physical details | রঙিন পৃষ্ঠা; |
| Dimensions | ২২ সেমি. |
| 504 ## - BIBLIOGRAPHY, ETC. NOTE | |
| Bibliography, etc | গ্রন্থপঞ্জি সংযোজিত। |
| 650 ## - SUBJECT ADDED ENTRY--TOPICAL TERM | |
| Topical term or geographic name as entry element | Bengali Short story |
| 700 ## - ADDED ENTRY--PERSONAL NAME | |
| Personal name | চৌধুরী, জাকিয়া শিমমিন |
| 942 ## - ADDED ENTRY ELEMENTS (KOHA) | |
| Source of classification or shelving scheme | Dewey Decimal Classification |
| Koha item type | Books |
| Source of classification or shelving scheme | Damaged status | Not for loan | Home library | Current library | Shelving location | Date of accession | Cost, normal purchase price | Total Checkouts | Full call number | Barcode | Date last seen | Date checked out | Copy number | Method of acquisition | Koha item type | Currency |
|---|---|---|---|---|---|---|---|---|---|---|---|---|---|---|---|---|
| Dewey Decimal Classification | JCC Rouf Library | JCC Rouf Library | General Stacks | 06/23/2023 | 250.00 | 3 | 891.4435 VUY 2022 | 18471 | 10/16/2023 | 10/15/2023 | C-1 | Purchase | Books | BDT |